Biología 2 : (Registro nro. 10071)

Detalles MARC
000 -LIDER
fixed length control field 02112nam a22003497a 4500
003 - IDENTIFICACDOR DE NÚMERO DE CONTROL
control field DO-SdBNP
005 - DATE AND TIME OF LATEST TRANSACTION
control field 20180306105058.0
008 - ELEMENTOS DE LONGITUD FIJA
fixed length control field 160510b 2001 dr a xxu||||| |||| 00| 0 spa d
020 ## - ISBN
International Standard Book Number 8482613847
040 ## - FUENTE DE CATALOGACIÓN
Agencia que crea de manera original el registro BPMSU
Idioma de catalogación spa
Agencia que realiza la transcripción BPMSU
092 ## - LOCALLY ASSIGNED DEWEY DECIMAL CALL NUMBER
Número de clasificación 373.257
Número de ítem (Cutter) Ll 791b 2do. 2001
100 1# - ASIENTO PRINCIPAL -- NOMBRE PERSONAL
Nombre personal Llibre de Vargas, Claudia
245 10 - MENCIÓN DE TITULO
Título Biología 2 :
Subtítulo educación media /
Mención de responsabilidad Claudia Llibre de Vargas ; dirección editorial Obdulia García de Escobar; ilustración Ruddy Núñez.
300 ## - DESCRIPCIÓN FÍSICA
Extensión xvi, 151 p. :
Otros detalles físicos il., retrs. ;
Dimensiones 28 cm.
490 1# - MENCIÓN DE SERIES
Mención de serie Umbral
500 ## - NOTA GENERAL
Nota general Edición anotada para el profesor.
500 ## - NOTA GENERAL
Nota general Segundo de bachillerato 2do. Curso /Primer Ciclo.
500 ## - NOTA GENERAL
Nota general Segundo curso del primer ciclo de educacición media.
505 0# - NOTA DE CONTENIDO
Información miscelánea Unidad 1
Título Niveles de complejidad en los seres vivos y procesos vitales --
-- Funciones vitales en plantas y animales --
Información miscelánea Unidad 2
Título La alimentación de los seres humanos --
-- Proyecto de investigación 1--
-- ¿Cómo ocurre la gestión estomacal? --
Información miscelánea Unidad 3
Título La circulación de los seres humanos --
-- Proyecto de investigación 2 --
-- ¿Cuál es la composición de la sangre? --
Información miscelánea Unidad 4
Título La excreción de los seres humanos --
-- Proyecto de investigación 3 --
-- ¿Qué nos dicen los exámenes de orina? --
Información miscelánea Unidad 5
Título La respiración en los seres humanos --
-- Proyecto de investigación 4 --
-- Además de la energía, ¿se producen otras cosas en la respiración celular? --
Información miscelánea Unidad 6
Título La reproducción en los seres humanos --
-- Proyecto de investigación 5 --
-- ¿Podemos distinguir las moscas hembras de las moscas macho?
650 #4 - ENCABEZAMIENTO DE MATERIA--TEMÁTICO
Término temático o nombre geográfico como elemento de entrada BIOLOGÍA
Subdivisión temática general ENSEÑANZA SECUNDARIA
650 #4 - ENCABEZAMIENTO DE MATERIA--TEMÁTICO
Término temático o nombre geográfico como elemento de entrada BIOLOGÍA
Subdivisión temática general ESTUDIOS Y EJERCICIOS
650 #4 - ENCABEZAMIENTO DE MATERIA--TEMÁTICO
Término temático o nombre geográfico como elemento de entrada BIOLOGÍA
Subdivisión temática general LIBROS DE TEXTOS
650 #4 - ENCABEZAMIENTO DE MATERIA--TEMÁTICO
Término temático o nombre geográfico como elemento de entrada EDUCACIÓN SECUNDARIA
Subdivisión geográfica REPÚBLICA DOMINICANA
650 #4 - ENCABEZAMIENTO DE MATERIA--TEMÁTICO
Término temático o nombre geográfico como elemento de entrada BIOLOGÍA
Subdivisión temática general EDUCACIÓN SECUNDARIA
700 12 - ASIENTO SECUNDARIO -- NOMBRE PERSONAL
Nombre personal García de Escobar, Obdulia,
Mención de responsabilidad ed.
Títulos u otras palabras asociadas con el nombre
700 12 - ASIENTO SECUNDARIO -- NOMBRE PERSONAL
Nombre personal Núñez, Ruddy,
Mención de responsabilidad il.
830 ## - ASIENTO SECUNDARIO DE SERIE--TÍTULO UNIFORME
Nombre de la parte o sección de una obra Umbral
910 ## - VALIDACIÓN
Validación Validado. Control de calidad MFF
942 ## - ADDED ENTRY ELEMENTS (KOHA)
Source of classification or shelving scheme Dewey Decimal Classification
Koha item type Libros
945 ## - INFORMACIÓN DE PROCESAMIENTO LOCAL
Información de procesamiento local inventariado, 2018 / dg
956 ## - LOCAL ELECTRONIC LOCATION AND ACCESS (OCLC)
Método de acceso LOPEREZ
Materiales especificados 10
Enlace 20161005
Campo enlazado y núm. de secuencia BPMSU
Nombre de host 00041
Existencias
Withdrawn status Lost status Source of classification or shelving scheme Damaged status Not for loan Home library Current library Date acquired Source of acquisition Total Checkouts Full call number Barcode Date last seen Price effective from Koha item type Copy number
    Dewey Decimal Classification     Biblioteca Pública Metropolitana Salomé Ureña Biblioteca Pública Metropolitana Salomé Ureña 05/10/2016 Donación   373.257 Ll 791b 2do. 2001 BPMSU16050217 05/10/2016 05/10/2016 Libros  
    Dewey Decimal Classification     Biblioteca Pública Metropolitana Salomé Ureña Biblioteca Pública Metropolitana Salomé Ureña 05/10/2016 Donación   373.257 Ll 791b 2do. 2001 BPMSU16050218 05/10/2016 05/10/2016 Libros ej. 2
    Dewey Decimal Classification     Biblioteca Pública Metropolitana Salomé Ureña Biblioteca Pública Metropolitana Salomé Ureña 05/10/2016 Donación   373.257 Ll 791b 2do. 2001 BPMSU16050219 05/10/2016 05/10/2016 Libros ej. 3